000 00906nam a2200241Ia 4500
003 OSt
005 20220923214541.0
006 a|||||r|||| 00| 0
007 ta
008 220922b |||||||| |||| 00| 0 hin d
024 _a170,699
037 _cTextual
040 _aARTS
_cARTS
_bhin
041 _2hin
_ahin
082 _aO152,3N10,US, K7
100 _aअश्क, उपेन्द्रनाथ, संपा.
245 0 _aउगते सूरज का दर्शक
_b हैमिग्वे के जीवन पर आधारित उपन्यास
246 _aUgate sūraj kā darshaka: haimigve ke jīvan par ādhārit upanyāsa
260 _c1967
650 _aहिन्दी साहित्य
_9156264
942 _hO152,3N10,US, K7
_cTEXL
_2CC
999 _c324983
_d324983